000 00583nam a22002057a 4500
003 OSt
005 20240626095419.0
008 170306b xxu||||| |||| 00| 0 eng d
020 _a0415464277
040 _c040a
082 _a362.5
_bUND 2007
245 _aUnderstanding poverty and well-being :
_bbridging the disciplines /
_cEdited by David Hulme, John Toye
260 _aLondon
_bRoutledge
_c2007
300 _a194p;
_bill :
_c13 cm.
504 _aIncludes index
650 _aPoverty
_98
700 _a Hulme, David
_97401
700 _aToye, John
_911803
942 _2ddc
_cO_SHELF
999 _c5657
_d5657